<?xml version="1.0" encoding="UTF-8"?>
<record
    xmlns:xsi="http://www.w3.org/2001/XMLSchema-instance"
    xsi:schemaLocation="http://www.loc.gov/MARC21/slim http://www.loc.gov/standards/marcxml/schema/MARC21slim.xsd"
    xmlns="http://www.loc.gov/MARC21/slim">

  <leader>00797nam a22001577a 4500</leader>
  <controlfield tag="003">OSt</controlfield>
  <controlfield tag="005">20190823104915.0</controlfield>
  <controlfield tag="008">190823b        xxu||||| |||| 00| 0 eng d</controlfield>
  <datafield tag="040" ind1=" " ind2=" ">
    <subfield code="c">RUA</subfield>
  </datafield>
  <datafield tag="082" ind1=" " ind2=" ">
    <subfield code="a">AGR YIN 2015 B644 Or.1 </subfield>
  </datafield>
  <datafield tag="100" ind1=" " ind2=" ">
    <subfield code="9">13848</subfield>
    <subfield code="a">YIN SREYOUN &#x1799;&#x17BB;&#x17B7;&#x1793; &#x179F;&#x17D2;&#x179A;&#x17B8;&#x17A2;&#x17BC;&#x1793;&#x200B;</subfield>
  </datafield>
  <datafield tag="245" ind1=" " ind2=" ">
    <subfield code="a">effect of different concentration of chitosan fertilizer on green mustard yield aat royal university of agriculture &#x17A5;&#x1791;&#x17D2;&#x1792;&#x17B7;&#x1796;&#x179B;&#x1780;&#x17C6;&#x17A0;&#x17B6;&#x1794;&#x17BE;&#x1787;&#x17B8; chitosan &#x1795;&#x17D2;&#x179F;&#x17C1;&#x1784;&#x1782;&#x17D2;&#x1793;&#x17B6;&#x179B;&#x17BE;&#x1791;&#x17B7;&#x1793;&#x17D2;&#x1793;&#x1795;&#x179B;&#x178A;&#x17C6;&#x178E;&#x17B6;&#x17C6;&#x179F;&#x17D2;&#x1796;&#x17C3;&#x1781;&#x17C0;&#x179C;&#x1793;&#x17C5;&#x1780;&#x17D2;&#x1793;&#x17BB;&#x1784;&#x179B;&#x1780;&#x17D2;&#x1781;&#x1781;&#x178E;&#x17D2;&#x178C;&#x178A;&#x17B8;&#x179F;&#x17B6;&#x1780;&#x179B;&#x179C;&#x17B7;&#x1791;&#x17D2;&#x1799;&#x17B6;&#x179B;&#x17D0;&#x1799;&#x1797;&#x17BC;&#x1798;&#x17B7;&#x1793;&#x17D2;&#x1791;&#x1780;&#x179F;&#x17B7;&#x1780;&#x1798;&#x17D2;&#x1798;</subfield>
  </datafield>
  <datafield tag="260" ind1=" " ind2=" ">
    <subfield code="a">phnom penh</subfield>
    <subfield code="b">rua</subfield>
    <subfield code="c">2015</subfield>
  </datafield>
  <datafield tag="300" ind1=" " ind2=" ">
    <subfield code="a">vii;36p;</subfield>
    <subfield code="b">ill;</subfield>
    <subfield code="c">29cm;</subfield>
  </datafield>
  <datafield tag="942" ind1=" " ind2=" ">
    <subfield code="2">ddc</subfield>
    <subfield code="c">AGR</subfield>
  </datafield>
  <datafield tag="999" ind1=" " ind2=" ">
    <subfield code="c">18176</subfield>
    <subfield code="d">18176</subfield>
  </datafield>
  <datafield tag="952" ind1=" " ind2=" ">
    <subfield code="0">0</subfield>
    <subfield code="1">0</subfield>
    <subfield code="2">ddc</subfield>
    <subfield code="4">0</subfield>
    <subfield code="6">AGR_YIN_2015_000000000000000_B644_OR_1</subfield>
    <subfield code="7">0</subfield>
    <subfield code="9">81249</subfield>
    <subfield code="a">LBB</subfield>
    <subfield code="b">LBB</subfield>
    <subfield code="c">B544</subfield>
    <subfield code="d">2019-08-23</subfield>
    <subfield code="o">AGR YIN 2015 B644 Or.1</subfield>
    <subfield code="p">A44436</subfield>
    <subfield code="r">2019-08-23</subfield>
    <subfield code="w">2019-08-23</subfield>
    <subfield code="y">AGR</subfield>
  </datafield>
  <datafield tag="952" ind1=" " ind2=" ">
    <subfield code="0">0</subfield>
    <subfield code="1">0</subfield>
    <subfield code="2">ddc</subfield>
    <subfield code="4">0</subfield>
    <subfield code="6">AGR_YIN_2015_000000000000000_B644_OR_2</subfield>
    <subfield code="7">0</subfield>
    <subfield code="9">81250</subfield>
    <subfield code="a">LBB</subfield>
    <subfield code="b">LBB</subfield>
    <subfield code="c">B544</subfield>
    <subfield code="d">2019-08-23</subfield>
    <subfield code="o">AGR YIN 2015 B644 Or.2</subfield>
    <subfield code="p">A43708</subfield>
    <subfield code="r">2019-08-23</subfield>
    <subfield code="w">2019-08-23</subfield>
    <subfield code="y">AGR</subfield>
  </datafield>
  <datafield tag="952" ind1=" " ind2=" ">
    <subfield code="0">0</subfield>
    <subfield code="1">0</subfield>
    <subfield code="2">ddc</subfield>
    <subfield code="4">0</subfield>
    <subfield code="6">AGR_YIN_2015_000000000000000_B644_OR_3</subfield>
    <subfield code="7">0</subfield>
    <subfield code="9">81251</subfield>
    <subfield code="a">LBB</subfield>
    <subfield code="b">LBB</subfield>
    <subfield code="c">B544</subfield>
    <subfield code="d">2019-08-23</subfield>
    <subfield code="o">AGR YIN 2015 B644 Or.3</subfield>
    <subfield code="p">A44286</subfield>
    <subfield code="r">2019-08-23</subfield>
    <subfield code="w">2019-08-23</subfield>
    <subfield code="y">AGR</subfield>
  </datafield>
  <datafield tag="952" ind1=" " ind2=" ">
    <subfield code="0">0</subfield>
    <subfield code="1">0</subfield>
    <subfield code="2">ddc</subfield>
    <subfield code="4">0</subfield>
    <subfield code="6">AGR_YIN_2015_000000000000000_B644_OR_4</subfield>
    <subfield code="7">0</subfield>
    <subfield code="9">81252</subfield>
    <subfield code="a">LBB</subfield>
    <subfield code="b">LBB</subfield>
    <subfield code="c">B544</subfield>
    <subfield code="d">2019-08-23</subfield>
    <subfield code="o">AGR YIN 2015 B644 Or.4</subfield>
    <subfield code="p">A43713</subfield>
    <subfield code="r">2019-08-23</subfield>
    <subfield code="w">2019-08-23</subfield>
    <subfield code="y">AGR</subfield>
  </datafield>
  <datafield tag="952" ind1=" " ind2=" ">
    <subfield code="0">0</subfield>
    <subfield code="1">0</subfield>
    <subfield code="2">ddc</subfield>
    <subfield code="4">0</subfield>
    <subfield code="6">AGR_YIN_2015_000000000000000_B644_OR_5</subfield>
    <subfield code="7">0</subfield>
    <subfield code="9">81253</subfield>
    <subfield code="a">LBB</subfield>
    <subfield code="b">LBB</subfield>
    <subfield code="c">B544</subfield>
    <subfield code="d">2019-08-23</subfield>
    <subfield code="o">AGR YIN 2015 B644 Or.5</subfield>
    <subfield code="p">A43644</subfield>
    <subfield code="r">2019-08-23</subfield>
    <subfield code="w">2019-08-23</subfield>
    <subfield code="y">AGR</subfield>
  </datafield>
  <datafield tag="952" ind1=" " ind2=" ">
    <subfield code="0">0</subfield>
    <subfield code="1">0</subfield>
    <subfield code="2">ddc</subfield>
    <subfield code="4">0</subfield>
    <subfield code="6">AGR_YIN_2015_000000000000000_B644_OR_6</subfield>
    <subfield code="7">0</subfield>
    <subfield code="9">81254</subfield>
    <subfield code="a">LBB</subfield>
    <subfield code="b">LBB</subfield>
    <subfield code="c">B544</subfield>
    <subfield code="d">2019-08-23</subfield>
    <subfield code="o">AGR YIN 2015 B644 Or.6</subfield>
    <subfield code="p">A43723</subfield>
    <subfield code="r">2019-08-23</subfield>
    <subfield code="w">2019-08-23</subfield>
    <subfield code="y">AGR</subfield>
  </datafield>
</record>
